| 000 | 01161nam a22002657a 4500 | ||
|---|---|---|---|
| 003 | OSt | ||
| 005 | 20250902062520.0 | ||
| 008 | 240904b ||||| |||| 00| 0 eng d | ||
| 040 | _c0 | ||
| 082 | _aDPer 621.317 Ie21 December 2022 v.37 n. 12 part 1&2. | ||
| 100 |
_aYang, Guanghui. _eauthor. _960098 |
||
| 245 |
_aFault-tolerant control for multiphase induction machines with torque ripple reduction considering harmonic injection / _cGuanghui Yang, Haseeb Huseeb, Sheng Li, Jian Zhang, and Jiaqiang Yang. |
||
| 260 |
_aNew York ; _bThe Institute of Electrical and Electronics Engineers, Inc., _cDecember 2022. |
||
| 300 |
_avolume 37, pages 14005-14010, _billustration. |
||
| 500 | _aIEEE Transactions on Power Electronics, v. 37 n. 12, pages 14005-14010, December 2022. | ||
| 650 | 0 |
_aFault-tolerant strategy. _965946 |
|
| 650 | 0 |
_atorque operation range (TOR). _965947 |
|
| 650 | 0 |
_aTorque ripple. _965948 |
|
| 700 |
_aYang, Guanghui. _eauthor. _960098 |
||
| 700 |
_aHuseeb, Haseeb. _eauthor. _960099 |
||
| 700 |
_aLi, Sheng _eauthor. _960100 |
||
| 700 |
_aZhang, Jian. _eauthor. _960101 |
||
| 700 |
_aYang, Jiaqiang. _eauthor. _960102 |
||
| 942 |
_2ddc _cPER |
||
| 999 |
_c21294 _d21294 |
||